000 00688nam a2200289Ia 4500
005 20260324143505.0
008 008 260324s9999 xx 000 0 eng d
020 _a9780203200018
037 _aEBOOK
040 _aCRL
040 _beng
040 _cCRL
041 _2eng
041 _aeng
084 _qCRL
100 _aTracy C. Davis
_91215823
245 0 _aActresses as Working Women
245 0 _bTheir Social Identity in Victorian Culture
260 _bTaylor and Francis
260 _c1991
365 _a
365 _b255
856 _uhttp://www.taylorfrancis.com/books/9780203200018
942 _cEBOOK
999 _c1821297
_d1821297